Estados brasileiros por número de municípios - Statistics

Estatísticas Gerais
  • Esse quiz foi jogado 132 vezes
  • A pontuação média é 11 de 26
Estatísticas das Respostas
Nº munic. Estado % Correto
15 Roraima
91%
16 Amapá
84%
22 Acre
78%
52 Rondônia
73%
853 Minas Gerais
71%
645 São Paulo
67%
62 Amazonas
62%
75 Sergipe
60%
497 Rio Grande do Sul
57%
417 Bahia
53%
92 Rio de Janeiro
49%
78 Espírito Santo
46%
399 Paraná
45%
295 Santa Catarina
35%
102 Alagoas
34%
79 Mato Grosso do Sul
28%
246 Goiás
26%
144 Pará
25%
139 Tocantins
23%
184 Ceará
22%
224 Piauí
20%
223 Paraíba
19%
184 Pernambuco
19%
167 Rio Grande do Norte
19%
217 Maranhão
17%
141 Mato Grosso
16%
Nenhum quiz correspondente encontrado
Distribuição das Pontuações
Porcentagem de Pessoas com Cada Pontuação
Percentil de Números Respondidos
Sua Pontuação Histórica
Você não jogou esse quiz